| 000 | 01465nam0a2200361 4500 | ||
|---|---|---|---|
| 001 | RU\NLR\bibl\1447277 | ||
| 005 | 20250615230504.0 | ||
| 010 |
_a978-5-89513-152-7 _9100 |
||
| 021 |
_aRU _b2009-83728 _95260 |
||
| 035 | _a(nilc)RSL-KNO-004399308 | ||
| 035 | _a(NLR Aleph) 001439107 | ||
| 090 |
_a1451432 _c1451432 |
||
| 100 | _a20091012d2008 |||y0rusy50 ca | ||
| 101 | 0 | _arus | |
| 102 | _aRU | ||
| 105 | _aa zzzz||||| | ||
| 200 | 1 |
_aОптимизационные методы при выработке решения по предупреждению чрезвычайных ситуаций, обусловленных подтоплением исторических территорий _eмонография _fЕ. В. Арефьева |
|
| 210 |
_aТроицк _cОбразовательно-консультационный центр "Карьера-плюс" _d2008 |
||
| 215 |
_a78 с. _cил., табл. _d20 |
||
| 320 | _aБиблиогр.: с. 71-77 | ||
| 606 | 1 |
_aПодтопление _xМоделирование _92347195 _3RU\NLR\auth\661402575 |
|
| 686 |
_aД479,0 _2rubbk |
||
| 686 |
_aН716-082.042,0 _2rubbk |
||
| 686 | _aД460.8в605 | ||
| 686 | _aД492.298в605 | ||
| 700 | 1 |
_aАрефьева _bЕ. В. _gЕлена Валентиновна _4070 |
|
| 801 | 0 |
_aRU _bРКП _c20091012 _grcr |
|
| 801 | 1 |
_aRU _bРГБ _c20091012 |
|
| 801 | 2 |
_aRU _bNLR _c20091204 _grcr |
|
| 942 | _cBOOK | ||
| 980 | _aNB | ||
| 980 | _aNBR | ||